| 000 | 01066nam a22002897a 4500 | ||
|---|---|---|---|
| 001 | 9321 | ||
| 003 | FISKH | ||
| 005 | 20251210150413.0 | ||
| 008 | 251210b cb ||||| |||| 00| 0 eng d | ||
| 020 | _a9780618369164 | ||
| 040 |
_aFISKH _beng _cFISKH _dFISKH |
||
| 050 | _aDT476.K56 B76 | ||
| 082 | _a916.604 | ||
| 100 |
_aBrown, Don _eAuthor |
||
| 245 |
_aUncommon traveler : _bMary Kingsley in Africa / _cWritten and illustrated by Don Brown |
||
| 260 |
_aBoston : _bHoughton Mifflin Company , _c2000 |
||
| 300 |
_a30 unnumbered pages : _bcolor illustrations ; _c26 cm |
||
| 505 | _aR | ||
| 520 | _aA brief biography of the self-educated nineteenth-century English woman who, after a secluded childhood and youth, traveled alone through unexplored West Africa in 1893 and 1894 and learned much about the area and its inhabitants. | ||
| 521 | 8 |
_a770
_bLexile AD |
|
| 521 | 8 |
_aR
_bRaz-Plus |
|
| 650 |
_aAnimals _vBiographies |
||
| 650 |
_aChildren's books _vEngland |
||
| 700 |
_aBrown, Don _eIllustrator |
||
| 942 |
_2ddc _cBK _n0 |
||
| 999 |
_c9321 _d9321 |
||